[Event "Internacional Barreiro"]
[Site "?"]
[Date "2017.10.07"]
[Round "5.8"]
[White "Guia, Artur Solovyov Eloy da"]
[Black "Fidalgo, Daniel Neves"]
[Result "0-1"]
[BlackElo "1965"]
[WhiteElo "1478"]
[LiveChessVersion "1.4.8"]

1. e4 {[%clk 1:30:57]} e6 {[%clk 1:30:55]} 2. d4 {[%clk 1:31:21]} d5
{[%clk 1:31:11]} 3. exd5 {[%clk 1:31:44]} exd5 {[%clk 1:31:30]} 4. Nf3
{[%clk 1:32:07]} Bd6 {[%clk 1:31:12]} 5. Nc3 {[%clk 1:32:13]} c6 {[%clk 1:31:25]}
6. Bd3 {[%clk 1:32:35]} Ne7 {[%clk 1:31:33]} 7. O-O {[%clk 1:32:49]} h6
{[%clk 1:31:02]} 8. Re1 {[%clk 1:32:27]} O-O {[%clk 1:31:19]} 9. h3
{[%clk 1:32:50]} Nd7 {[%clk 1:20:56]} 10. Ne2 {[%clk 1:28:03]} Nf6
{[%clk 1:19:27]} 11. Bf4 {[%clk 1:27:14]} Bxf4 {[%clk 1:05:25]} 12. Nxf4
{[%clk 1:26:57]} Nf5 {[%clk 1:05:29]} 13. c3 {[%clk 1:25:49]} Nd6
{[%clk 1:05:41]} 14. Qc2 {[%clk 1:22:41]} Nfe4 {[%clk 0:58:02]} 15. Rad1
{[%clk 1:07:44]} Qf6 {[%clk 0:53:27]} 16. Ne2 {[%clk 1:05:58]} Bxh3
{[%clk 0:53:34]} 17. Nc1 {[%clk 0:54:58]} Bg4 {[%clk 0:51:30]} 18. Be2
{[%clk 0:53:29]} Bxf3 {[%clk 0:40:08]} 19. Bxf3 {[%clk 0:53:43]} Ng5
{[%clk 0:40:20]} 20. Qd3 {[%clk 0:53:41]} Nxf3+ {[%clk 0:40:27]} 21. Qxf3
{[%clk 0:54:01]} Qxf3 {[%clk 0:38:35]} 22. gxf3 {[%clk 0:54:24]} Rfe8
{[%clk 0:38:39]} 23. Kf1 {[%clk 0:54:36]} f6 {[%clk 0:38:25]} 24. b3
{[%clk 0:54:59]} Kf7 {[%clk 0:38:47]} 25. Nd3 {[%clk 0:55:15]} Rxe1+
{[%clk 0:38:02]} 26. Rxe1 {[%clk 0:55:37]} Re8 {[%clk 0:38:18]} 27. Rd1
{[%clk 0:55:45]} h5 {[%clk 0:35:08]} 28. Rd2 {[%clk 0:56:00]} g5 {[%clk 0:35:19]}
29. Kg2 {[%clk 0:56:18]} Kg6 {[%clk 0:35:21]} 30. Kg3 {[%clk 0:56:34]} h4+
{[%clk 0:33:27]} 31. Kg4 {[%clk 0:56:51]} f5+ {[%clk 0:30:53]} 32. Kh3
{[%clk 0:57:11]} Nf7 {[%clk 0:31:09]} 33. Rc2 {[%clk 0:56:56]} Kh5
{[%clk 0:31:25]} 34. Rd2 {[%clk 0:56:57]} g4+ {[%clk 0:31:44]} 35. Kg2
{[%clk 0:57:05]} Ng5 {[%clk 0:23:54]} 36. f4 {[%clk 0:56:51]} h3+
{[%clk 0:23:45]} 37. Kh1 {[%clk 0:56:32]} Nf3 {[%clk 0:23:39]} 38. Rb2
{[%clk 0:56:43]} Ne1 {[%clk 0:22:40]} 39. Ne5 {[%clk 0:56:43]} Ng2
{[%clk 0:19:30]} 40. Nd3 {[%clk 0:56:57]} b6 {[%clk 0:18:53]} 41. Rd2
{[%clk 0:57:12]} Re4 {[%clk 0:19:03]} 42. Ne5 {[%clk 0:56:46]} Nxf4
{[%clk 0:17:51]} 43. Nxc6 {[%clk 0:56:46]} Re1+ {[%clk 0:18:08]} 44. Kh2
{[%clk 0:57:09]} Ne2 {[%clk 0:18:17]} 45. Nxa7 {[%clk 0:56:48]} f4
{[%clk 0:18:27]} 46. c4 {[%clk 0:56:18]} Kh4 {[%clk 0:18:50]} 47. Rxe2
{[%clk 0:56:00]} g3+ {[%clk 0:19:08]} 48. fxg3+ {[%clk 0:56:19]} fxg3#
{[%clk 0:19:31]} 0-1